Global heritage : (Record no. 7610)

MARC details
000 -LEADER
fixed length control field 01733cam a2200265 4500
001 - CONTROL NUMBER
control field 8778
005 - DATE AND TIME OF LATEST TRANSACTION
control field 20181127190714.0
008 - FIXED-LENGTH DATA ELEMENTS--GENERAL INFORMATION
fixed length control field 150619s2015 enk b 001 0 eng c
010 ## - LIBRARY OF CONGRESS CONTROL NUMBER
LC control number 2015020136
020 ## - INTERNATIONAL STANDARD BOOK NUMBER
International Standard Book Number 9781118768549 (pbk.)
International Standard Book Number 9781118768860 (cloth)
082 00 - DEWEY DECIMAL CLASSIFICATION NUMBER
Classification number 363.9/6
Edition number 23
100 ## - MAIN ENTRY--PERSONAL NAME
Personal name Meskell, Lynn.
Numeration
Titles and words associated with a name
Dates associated with a name
Relator term editor.
Fuller form of name
245 00 - TITLE STATEMENT
Title Global heritage :
Remainder of title a reader /
Statement of responsibility, etc. edited by Lynn Meskell.
264 #1 - PRODUCTION, PUBLICATION, DISTRIBUTION, MANUFACTURE, AND COPYRIGHT NOTICE
Place of production, publication, distribution, manufacture Chichester, UK ;
-- Malden, MA :
Name of producer, publisher, distributor, manufacturer WILEY Blackwell,
Date of production, publication, distribution, manufacture, or copyright notice [2015]
300 ## - PHYSICAL DESCRIPTION
Extent xii, 271 pages ;
Dimensions 26 cm
336 ## - CONTENT TYPE
Content type term text
Source rdacontent
337 ## - MEDIA TYPE
Media type term unmediated
Source rdamedia
338 ## - CARRIER TYPE
Carrier type term volume
Source rdacarrier
504 ## - BIBLIOGRAPHY, ETC. NOTE
Bibliography, etc. note Includes bibliographical references and index.
505 0# - FORMATTED CONTENTS NOTE
Formatted contents note UNESCO and new world orders / Lynn Meskell and Christoph Brumann -- Neoliberalism, heritage regimes, and cultural rights / Rosemary J. Coombe and Lindsay M. Weiss -- Civil societies? heritage diplomacy and neo-imperialism / Morag Kersel and Christina Luke -- Bridging cultural and natural heritage / Denis Byrne and Gro Ween -- Communities and ethics in the heritage debates / Chip Colwell and Charlotte Joy -- Heritage management and conservation : from colonization to globalization / Webber Ndoro and Gamini Wijesuriya -- Heritage and violence / Alfredo Gonz�lez-Ruibal and Martin Hall -- Urban heritage and social movements / Chiara De Cesari and Michael Herzfeld -- Sustainable development : heritage, community, economics / Sophia Labadi and Peter G. Gould -- Transnationalism and heritage development / Kathryn Lafrenz Samuels and Ian Lilley -- Heritage and tourism / Noel B. Salazar and Yujie Zhu.
650 #0 - SUBJECT ADDED ENTRY--TOPICAL TERM
Topical term or geographic name entry element Cultural property
General subdivision Protection.
Topical term or geographic name entry element World Heritage areas.
700 1# - ADDED ENTRY--PERSONAL NAME
Personal name Meskell, Lynn,
Relator term editor.
Holdings
Withdrawn status Lost status Source of classification or shelving scheme Damaged status Not for loan Collection code Home library Current library Shelving location Serial Enumeration / chronology Inventory number Total Checkouts Total Renewals Full call number Barcode Date last seen Date last checked out Price effective from Koha item type
    Dewey Decimal Classification     Main TEST RTC Library RTC Library Main opac 13284 2 2 363.9 MES 30013054 07/06/2019 04/06/2019 27/11/2018 Main
Royal Thimphu College || All Right Reserved